000 00282nam a2200133Ia 4500
100 _aKoren/Yovam
942 _cBK
654 _aRobotics
245 _aRobotics For Engineers
260 _bMcGraw Hill
_aNew York
_c1987
082 _a629.8
_bKor
300 _a347
546 _aENGLISH
999 _c31197
_d31197